KEUNGGULAN AL-TIBB AL-NABAWI : (Record no. 203539)
[ view plain ]
| 000 -LEADER | |
|---|---|
| fixed length control field | 01210nam a2200313 i 4500 |
| 005 - DATE AND TIME OF LATEST TRANSACTION | |
| control field | 20260407163219.0 |
| 008 - FIXED-LENGTH DATA ELEMENTS--GENERAL INFORMATION | |
| fixed length control field | 260329t20252025my o gr 000 0dmay d |
| 020 ## - INTERNATIONAL STANDARD BOOK NUMBER | |
| International Standard Book Number | 9789674619916 |
| Terms of availability | RM39.00 |
| Qualifying information | paperback |
| 040 ## - CATALOGING SOURCE | |
| Original cataloging agency | PPAK |
| Language of cataloging | eng |
| Transcribing agency | PPAK |
| Description conventions | rda |
| 082 04 - DEWEY DECIMAL CLASSIFICATION NUMBER | |
| Edition number | 23 |
| Classification number | 297.122861 |
| 090 00 - LOCALLY ASSIGNED LC-TYPE CALL NUMBER (OCLC); LOCAL CALL NUMBER (RLIN) | |
| Classification number (OCLC) (R) ; Classification number, CALL (RLIN) (NR) | 297.122861 |
| Feature heading | KHA |
| Feature heading | G |
| 100 0# - MAIN ENTRY--PERSONAL NAME | |
| Personal name | Khadher Ahmad, |
| Titles and words associated with a name | Prof. Madya Dr., |
| Relator term | author. |
| 245 10 - TITLE STATEMENT | |
| Title | KEUNGGULAN AL-TIBB AL-NABAWI : |
| Remainder of title | PERSPEKTIF SAINS / |
| Statement of responsibility, etc. | Khadher Ahmad, Wan Nasyrudin Wan Abdullah, Nor Azian Ab Rahman |
| 264 #1 - PRODUCTION, PUBLICATION, DISTRIBUTION, MANUFACTURE, AND COPYRIGHT NOTICE | |
| Place of production, publication, distribution, manufacture | Pulau Pinang : |
| Name of producer, publisher, distributor, manufacturer | Penerbit Universiti Sains Malaysia, |
| Date of production, publication, distribution, manufacture, or copyright notice | 2025 |
| Date of production, publication, distribution, manufacture, or copyright notice | ©2025 |
| 300 ## - PHYSICAL DESCRIPTION | |
| Extent | xviii, 211 pages : |
| Other physical details | photographs ; |
| Dimensions | 23 cm |
| 336 ## - CONTENT TYPE | |
| Content type term | text |
| Source | rdacontent |
| 337 ## - MEDIA TYPE | |
| Media type term | unmediated |
| Source | rdamedia |
| 338 ## - CARRIER TYPE | |
| Carrier type term | volume |
| Source | rdacarrier |
| 500 ## - GENERAL NOTE | |
| General note | Contains verses from the Qur'an and quotes from the Hadith. |
| 504 ## - BIBLIOGRAPHY, ETC. NOTE | |
| Bibliography, etc. note | Bibliography: pages [199]-205. |
| 650 10 - SUBJECT ADDED ENTRY--TOPICAL TERM | |
| Topical term or geographic name entry element | Medicine |
| General subdivision | Religious aspects |
| -- | Islam |
| Topical term or geographic name entry element | Healing |
| General subdivision | Religious aspects |
| -- | Islam |
| Topical term or geographic name entry element | Medicine in the Qur'an |
| Topical term or geographic name entry element | Government publications |
| Geographic subdivision | Malaysia |
| 700 0# - ADDED ENTRY--PERSONAL NAME | |
| Personal name | Wan Nasyrudin Wan Abdullah, |
| Titles and other words associated with a name | Dr., |
| Relator term | author. |
| Personal name | Nor Azian Ab Rahman, |
| Titles and other words associated with a name | Dr., |
| Relator term | author. |
| 942 ## - ADDED ENTRY ELEMENTS (KOHA) | |
| Source of classification or shelving scheme | Dewey Decimal Classification |
| Koha item type | Book |
| Withdrawn | Not for loan | Current library | Shelving location | Date acquired | Total Checkouts | Full call number | Barcode | Date last seen | Koha item type |
|---|---|---|---|---|---|---|---|---|---|
| Perpustakaan Alor Setar | Pinjaman Dewasa | 12/04/2026 | 297.122861 KHA | A01902496 | 12/04/2026 | Book | |||
| Perpustakaan Awam Sungai Petani | Pinjaman Dewasa | 12/04/2026 | 297.122861 KHA | A01902497 | 12/04/2026 | Book | |||
| Perpustakaan Baling | Pinjaman Dewasa | 12/04/2026 | 297.122861 KHA | A01902501 | 12/04/2026 | Book | |||
| Perpustakaan Bandar Baharu | Pinjaman Dewasa | 12/04/2026 | 297.122861 KHA | A01902502 | 12/04/2026 | Book | |||
| Perpustakaan Jitra | Pinjaman Dewasa | 12/04/2026 | 297.122861 KHA | A01902498 | 12/04/2026 | Book | |||
| Perpustakaan Kuala Nerang | Pinjaman Dewasa | 12/04/2026 | 297.122861 KHA | A01902506 | 12/04/2026 | Book | |||
| Perpustakaan Kulim | Pinjaman Dewasa | 12/04/2026 | 297.122861 KHA | A01902500 | 12/04/2026 | Book | |||
| Perpustakaan Langkawi | Pinjaman Dewasa | 12/04/2026 | 297.122861 KHA | A01902499 | 12/04/2026 | Book | |||
| Perpustakaan Merbok | Pinjaman Dewasa | 12/04/2026 | 297.122861 KHA | A01902503 | 12/04/2026 | Book | |||
| Perpustakaan Pendang | Pinjaman Dewasa | 12/04/2026 | 297.122861 KHA | A01902507 | 12/04/2026 | Book | |||
| Perpustakaan Sik | Pinjaman Dewasa | 12/04/2026 | 297.122861 KHA | A01902505 | 12/04/2026 | Book | |||
| Perpustakaan Yan | Pinjaman Dewasa | 12/04/2026 | 297.122861 KHA | A01902504 | 12/04/2026 | Book |